<?xml version="1.0" encoding="UTF-8"?>
<record
    xmlns:xsi="http://www.w3.org/2001/XMLSchema-instance"
    xsi:schemaLocation="http://www.loc.gov/MARC21/slim http://www.loc.gov/standards/marcxml/schema/MARC21slim.xsd"
    xmlns="http://www.loc.gov/MARC21/slim">

  <leader>01885nam a22003137a 4500</leader>
  <datafield tag="999" ind1=" " ind2=" ">
    <subfield code="c">21905</subfield>
    <subfield code="d">21905</subfield>
  </datafield>
  <controlfield tag="003">AR-CdUCM</controlfield>
  <controlfield tag="008">190425b           ||||| |||| 00| 0 spa d</controlfield>
  <datafield tag="040" ind1=" " ind2=" ">
    <subfield code="a">MUNICIPALIDAD PROVINCIAL DEL CUSCO</subfield>
    <subfield code="c">BIBLIOTECA MUNICIPAL DEL CUSCO</subfield>
  </datafield>
  <datafield tag="082" ind1=" " ind2=" ">
    <subfield code="a">Rev.Univ/N&#xB0;141/2012</subfield>
  </datafield>
  <datafield tag="110" ind1=" " ind2=" ">
    <subfield code="a">Universidad Nacional de San Antonio Abad del Cusco</subfield>
    <subfield code="9">15942</subfield>
  </datafield>
  <datafield tag="245" ind1=" " ind2=" ">
    <subfield code="a">Revista Universitaria :</subfield>
    <subfield code="b">&#xD3;rgano de la Universidad del Cuzco /</subfield>
  </datafield>
  <datafield tag="260" ind1=" " ind2=" ">
    <subfield code="a">Cusco :</subfield>
    <subfield code="b">Universitaria,</subfield>
    <subfield code="c">2012.</subfield>
  </datafield>
  <datafield tag="300" ind1=" " ind2=" ">
    <subfield code="a">348 p&#xE1;ginas. :</subfield>
    <subfield code="b">ilustraciones en color ;</subfield>
    <subfield code="c">29 cm.</subfield>
  </datafield>
  <datafield tag="440" ind1=" " ind2=" ">
    <subfield code="a">Revista Universitaria</subfield>
    <subfield code="n">A&#xF1;o 2013, N&#xB0;141.</subfield>
    <subfield code="9">46772</subfield>
  </datafield>
  <datafield tag="505" ind1=" " ind2=" ">
    <subfield code="a">Contenido: El Inca Garcilaso de la Vega. Jos&#xE9; Gabriel Cosio Medina. -- El Inca Garcilaso de la Vega. Alfredo Y&#xE9;pez Miranda. -- Garcilaso, el cuzque&#xF1;o. Julio Guti&#xE9;rrez Loaiza. -- Garcilaso de la Vega. Fortunato L. Herrera. -- El dialogo posible entre el inca Garcilaso de la Vega y Felipe Guam&#xE1;n Poma de Ayala. Enrique Rozas Paravicino -- Releyendo al Inca Garcilaso. -- Antecedentes del indigenismo reforma universitaria y escuela cusque&#xF1;a. -- Flora xerof&#xED;tica de la cuenca de Apur&#xED;mac Limatambo Curahuasi. -- Vocalizaciones t&#xED;picas de aves silvestres en el valle sur del Cusco. -- Piedras nieve y agua en el santuario de Qoyllur Rit&#xB4;i. -- Eulogio Nishiyama fot&#xF3;grafo del Cusco...</subfield>
  </datafield>
  <datafield tag="650" ind1=" " ind2=" ">
    <subfield code="a">Bot&#xE1;nica cusque&#xF1;a</subfield>
    <subfield code="9">45807</subfield>
  </datafield>
  <datafield tag="650" ind1=" " ind2=" ">
    <subfield code="a">Folklore cusque&#xF1;o</subfield>
    <subfield code="9">8693</subfield>
  </datafield>
  <datafield tag="650" ind1=" " ind2=" ">
    <subfield code="a">Inca Garcilaso de la Vega</subfield>
    <subfield code="9">300</subfield>
  </datafield>
  <datafield tag="700" ind1=" " ind2=" ">
    <subfield code="a">Rosas Paravicino, Enrique</subfield>
    <subfield code="9">417</subfield>
  </datafield>
  <datafield tag="700" ind1=" " ind2=" ">
    <subfield code="a">Pantoja Palomino, Mario</subfield>
    <subfield code="9">46773</subfield>
  </datafield>
  <datafield tag="700" ind1=" " ind2=" ">
    <subfield code="a">C&#xE1;ceres Chalco, Efra&#xED;n </subfield>
    <subfield code="9">46774</subfield>
  </datafield>
  <datafield tag="700" ind1=" " ind2=" ">
    <subfield code="a">Paredes Pando, Oscar</subfield>
    <subfield code="9">14521</subfield>
  </datafield>
  <datafield tag="700" ind1=" " ind2=" ">
    <subfield code="a">Cosio Cuentas, Pompeyo</subfield>
    <subfield code="9">46775</subfield>
  </datafield>
  <datafield tag="700" ind1=" " ind2=" ">
    <subfield code="a">Tupayachi Herrera, Alfredo</subfield>
    <subfield code="9">20659</subfield>
  </datafield>
  <datafield tag="710" ind1=" " ind2=" ">
    <subfield code="a">Universidad Nacional de San Antonio Abad del Cusco</subfield>
    <subfield code="9">15942</subfield>
  </datafield>
  <datafield tag="942" ind1=" " ind2=" ">
    <subfield code="2">ddc</subfield>
    <subfield code="c">PP</subfield>
  </datafield>
  <datafield tag="945" ind1=" " ind2=" ">
    <subfield code="a">rac</subfield>
  </datafield>
  <datafield tag="952" ind1=" " ind2=" ">
    <subfield code="0">0</subfield>
    <subfield code="2">ddc</subfield>
    <subfield code="4">0</subfield>
    <subfield code="7">0</subfield>
    <subfield code="a">HEM</subfield>
    <subfield code="b">HEM</subfield>
    <subfield code="c">CART</subfield>
    <subfield code="d">2021-10-11</subfield>
    <subfield code="g">10.00</subfield>
    <subfield code="o">Rev.Univ/N&#xB0;141/2012</subfield>
    <subfield code="p">REVC000441</subfield>
    <subfield code="r">2021-10-11</subfield>
    <subfield code="y">PP</subfield>
  </datafield>
</record>
